Geography Quiz

Random Geography or City Quiz

Cities With Big Hotels Quiz Stats

Quiz not verified by Sporcle

Also try: Flags of Oceania
Challenge
Share
Tweet
Embed
Score 0/30 Timer 10:00
0 Plays Today
# of Hotels City % Correct
9New York
98.9%
4Los Angeles
98.9%
32Las Vegas
93.2%
6Chicago
91.6%
2Moscow
89.5%
2Berlin
87.4%
3Toronto
86.8%
3Singapore
86.3%
3Tokyo
86.3%
4Dallas
84.7%
3Dubai
84.2%
3London
83.7%
2St. Petersburg
81.6%
9Orlando
79.5%
3Washington
78.9%
# of Hotels City % Correct
2Jakarta
77.4%
4San Diego
73.2%
3Atlanta
71.6%
4Honolulu
63.2%
2Denver
61.1%
4San Francisco
57.4%
5Mecca
49.5%
8Atlantic City
45.8%
4Macau
40%
5Reno
37.4%
2Anaheim
30.5%
8Lake Buena Vista
4.7%
4Laughlin
3.2%
4Marne-la-Vallée
2.6%
2Hebei
2.1%

You're not logged in!

Compare scores with friends on all Sporcle quizzes.
Sign Up with Email
OR
Log In

You Might Also Like...

Show Comments

Extras

Top Quizzes Today


Score Distribution

Your Account Isn't Verified!

In order to create a playlist on Sporcle, you need to verify the email address you used during registration. Go to your Sporcle Settings to finish the process.